000 02428cam a22004214a 4500
001 16687733
003 OSt
005 20150408114149.0
008 110308s2011 njua b 001 0 eng
010 _a 2011010095
016 7 _a101555844
_2DNLM
020 _a9781556429941 (alk. paper)
020 _a1556429940 (alk. paper)
035 _a(OCoLC)ocn707710829
040 _aDNLM/DLC
_cDLC
_dYDX
_dNLM
_dYDXCP
_dDLC
042 _apcc
050 0 0 _aRM705
_b.D38 2011
060 1 0 _aWB 460
082 0 0 _a610.696
_222
_bDCP
100 1 _aDavis, Carol M.
_939358
245 1 0 _aPatient practitioner interaction :
_ban experiential manual for developing the art of health care /
_cCarol M. Davis.
250 _a5th ed.
260 _aThorofare, NJ :
_bSLACK,
_cc2011.
300 _axvi, 274 p. :
_bill. ;
_c29 cm.
504 _aIncludes bibliographical references and index.
505 0 _aBasic awareness of self / Carol M. Davis -- Family history / Carol M. Davis -- Values as determinants of behavior / Carol M. Davis -- Identifying and resolving moral dilemmas / Carol M. Davis -- Stress management / Carol M. Davis -- The nature of effective helping : empathy and sympathy versus pity / Carol M. Davis -- Effective communication: problem identification and helpful responses / Carol M. Davis -- Assertiveness skills and conflict resolution / Carol M. Davis -- Communicating to establish rapport and reduce negativity / Helen L. Masin -- Communicating with cultural sensitivity / Helen L. Masin -- The helping interview / Carol M. Davis -- Spirituality in patient care / Darina Sargeant -- Health behavior and effective patient education / Kathleen A. Curtis -- Communicating with persons who have disabilities / Kathleen A. Curtis -- Sexuality and disability : effective communication / Sherrill H. Hayes -- Communicating with people who dying and their families / Carol M. Davis.
650 0 _aPhysical therapist and patient.
_939359
650 0 _aAllied health personnel and patient.
_939360
650 0 _aProfessional socialization.
_939361
650 1 2 _aPhysical Therapy (Specialty)
_939362
650 1 2 _aProfessional-Patient Relations.
_911565
650 2 2 _aCommunication.
650 2 2 _aCultural Competency.
_911063
650 2 2 _aHelping Behavior.
_939363
906 _a7
_bcbc
_corignew
_d1
_eecip
_f20
_gy-gencatlg
942 _2ddc
_cBOOK
999 _c31859
_d266359